00770nam a2200229 a 450000100100000000500170001000800410002702000150006804000250008308200170010810000450012524500730017026000400024330000280028349000220031150400530033365000300038665000290041665000460044565000270049183000220051800002513020200930023558.0110210s1992 sp a r 000 0 spa d a8477901473 aDO-SdBNPbspacBNPHU a621.2bG643f1 aGonzález Tascón, Ignacio,d1947-200610aFábricas hidráulicas españolas /cIgnacio González Tascón. aMadrid, (España) :bCEDEX,c1992. a534 p. :bil. ;c24 cm.1 aBiblioteca CEHOPU aIncluye referencias bibliográficas (p.515-529) 4aIngeniería hidráulica 4aMáquinas hidráulicas 4aIndustria de las máquinas hidráulicas 4aEnergía hidráulica 0aBiblioteca CEHOPU